The invention of art history in Ancient Greece : religion, society and artistic rationalisation

Αποθηκεύτηκε σε:
Λεπτομέρειες βιβλιογραφικής εγγραφής
Κύριος συγγραφέας: Tanner, Jeremy 1963-
Μορφή: Βιβλίο
Γλώσσα:English
Δημοσίευση: Cambridge : Cambridge University Press, 2005
Σειρά:Cambridge classical studies
Θέματα:
Ετικέτες: Προσθήκη ετικέτας
Δεν υπάρχουν, Καταχωρήστε ετικέτα πρώτοι!

MARC

LEADER 00000nam a2200000 i 4500
001 1/88276
008 080610s2006 eng d
020 |a 978-0-521-84614-1 (hbk.) 
020 |a 0-521-84614-5 (hbk.) 
035 |l 10098075 
040 |a GR-MY-UA  |b gre  |e aacr 
041 0 |a eng 
082 0 |a 709.38  |2 (22) 
100 1 |a Tanner, Jeremy  |d 1963- 
245 1 4 |a The invention of art history in Ancient Greece :  |b religion, society and artistic rationalisation /  |c Jeremy Tanner 
260 |a Cambridge :   |b Cambridge University Press,   |c 2005 
300 |a xv, 331 σ.;  |b εικ. ;  |c 26 εκ. 
490 1 |a Cambridge classical studies 
504 |a Ευρετήριο: σ. 303-324 
504 |a Βιβλιογραφία: σ. 325-331 
650 0 0 |a Art  |z Greece  |x History. 
650 0 0 |a Art and society  |z Greece. 
830 0 |a Cambridge classical studies 
852 |a INST  |b LESVOS  |e 20080610  |h 709.38 TAN  |p 005100042617  |q 005100042617  |t BK  |y 0 
901 |a BIBL1-2008-2 
909 |a Λ  |b 145033 
922 |a 1ΕΛΗ  |b 200801  |c ΕΠΕΑΕΚ2/ΤΚΑ  |d ΕΛΕΥΘΕΡΟΥΔΑΚΗΣ 
970 |a ΧΑΤΖΗΜΙΧΑΗΛ  |b ΜΑΡΙΑ  |z 2008/06/10